| 000 | 01468nam a2200265Ia 4500 | ||
|---|---|---|---|
| 999 |
_c38570 _d38570 |
||
| 001 | 4687 | ||
| 003 | GE_BSU | ||
| 005 | 20211215121609.0 | ||
| 008 | 181216s2010||||ge |||||||||||||| ||geo|| | ||
| 020 | _a9789941023248 | ||
| 040 | _cGE_BSU | ||
| 041 | _ageo | ||
| 080 | _a342.9(479.22(075.8) ტ–92 | ||
| 100 |
_aტურავა, პაატა _93298 |
||
| 245 |
_aზოგადი ადმინისტრაციული სამართლის სახელმძღვანელო / _cპაატა ტურავა, ნათია წკეპლაძე ; გამოცემაზე პასუხმგ. : თამარ მეტრეველი |
||
| 264 |
_aთბილისი : _bსეზანი ; _c2010. |
||
| 300 |
_a304 გვ. ; _c24 სმ. |
||
| 541 | _h19 ლ. 50თ. | ||
| 653 | _aზოგადი ადმინისტრაციული სამართლი | ||
| 653 | _aსამართალი | ||
| 700 |
_a წკეპლაძე, ნათია _eავტორი _93299 |
||
| 700 |
_a მეტრეველი, თამარ _eგამოცემაზე პასუხმგებელი _93300 |
||
| 856 |
_uhttps://samartliskonspeqtebi.files.wordpress.com/2019/06/109967625-e183a2e183a3e183a0e18390e18395e18390-e183ace18399e18394e1839ee1839ae18390e183abe18394-e18396e1839de18392e18390e18393e18398.pdf _yელ. ვერსია |
||
| 942 |
_cBK _2udc |
||